Normal view
MARC view
- التربية الإسلامية - الثقافة الإسلامية - الادب الإسلامي - ادب المعركة
Entry Topical Term
001 - CONTROL NUMBER
- control field: 18391
003 - CONTROL NUMBER IDENTIFIER
- control field: JO-AjAnu
005 - DATE AND TIME OF LATEST TRANSACTION
- control field: 20230606073230.0
008 - FIXED-LENGTH DATA ELEMENTS
- fixed length control field: 230606|| aca||aabn | a|a d
040 ## - CATALOGING SOURCE
- Original cataloging agency: JO-AjAnu
- Transcribing agency: JO-AjAnu
150 ## - HEADING--TOPICAL TERM
- Topical term or geographic name entry element: التربية الإسلامية - الثقافة الإسلامية - الادب الإسلامي - ادب المعركة
670 ## - SOURCE DATA FOUND
- Source citation: Work cat.: (JO-AjAnu)9440: تأليف بصبوص، أحمد عبد ربه, author 18390, أدب المعركة في الإسلام